000 00557nam a22001817a 4500
005 20251108174931.0
008 250721s2010 xx 000 0 ara d
082 1 4 _a923.144/مني
100 1 _aالمنياوي، احمد
245 1 0 _aنابليون بونابرت إمبراطور الحرب و الحب /
264 1 _aدمشق :
_bدار الكتاب العربي،
_c2010.
300 _a279ص.
650 1 7 _aالتراجم
650 1 7 _aالملوك و الحكام
650 1 7 _aتاريخ فرنسا
942 _2ddc
_cBK
999 _c121889
_d121889